| 000 | 00667nam a22002177a 4500 | ||
|---|---|---|---|
| 005 | 20260519160212.0 | ||
| 008 | 111213t xxu||||| |||| 00| 0 eng d | ||
| 010 | _aENG-104320 ENG-148547 | ||
| 020 |
_a9788186208700 _c1150.00 |
||
| 035 | _aEN -87853 | ||
| 035 | _aEN-132079 | ||
| 037 | _bDBAD/PUB | ||
| 040 |
_aDPL _bEng |
||
| 082 | _a302.2 | ||
| 100 |
_936352 _aGupta, Monu Rani |
||
| 245 |
_aMass communication : _cby Monu Rani Gupta _ba simple approach / |
||
| 260 |
_aNew Delhi _bRaj Publications _c2010 |
||
| 270 |
_a108,4855/24, Ansari Road Daryaganj _bNew Delhi _e110002 |
||
| 300 |
_a558p. _c23cm(Hb) |
||
| 942 |
_2ddc _cEN _mGUP _h302.2 |
||
| 999 |
_c59399 _d59399 |
||